Music Quiz

Random Music or Kpop Quiz

Stray Kids Typing Quiz Stats

 Plays Quiz not verified by Sporcle

Score 0/34 Timer 01:00
2 Plays Today
Hint Answer % Correct
????
100%
????
94.8%
????
92.8%
????
91.7%
????
90.1%
????
88.7%
????
87.7%
????
86.4%
????
85.2%
????
84.6%
????
84.1%
????
83.6%
????
82.8%
????
81.3%
????
79.7%
????
78.1%
????
76.3%
Hint Answer % Correct
????
74%
????
71.6%
????
68.6%
????
64.3%
????
60.2%
????
56.1%
????
48.9%
????
43.9%
????
38.8%
????
33.7%
????
29.2%
????
25.6%
????
20.3%
????
16.6%
????
14.1%
????
9%
????
6.2%

You're not logged in!

Compare scores with friends on all Sporcle quizzes.
OR
Log In

Show Comments

Extras

Top Quizzes Today


Score Distribution

Your Account Isn't Verified!

In order to create a playlist on Sporcle, you need to verify the email address you used during registration. Go to your Sporcle Settings to finish the process.

Report this User

Report this user for behavior that violates our Community Guidelines.

Details: